| 000 | 00461nam a2200157Ia 4500 | ||
|---|---|---|---|
| 008 | 220216s9999 xx 000 0 und d | ||
| 100 | _aTillekeratne L M K | ||
| 245 | 0 | _aSome factors inhibiting the growth of the rubber industry in Sri Lanka | |
| 260 |
_bJournal of the National Institute of Plantation Management _c2000 |
||
| 300 | _a72-78 | ||
| 650 | _aRubber industry | ||
| 650 | _aSri Lanka | ||
| 700 | _aNugawela A | ||
| 856 | _uReprint | ||
| 942 | _cJS | ||
| 999 |
_c68972 _d68972 |
||